00801nas a2200229Ia 4500001001100000003000900011008004100020040001300061040001300074041001300087100004500100210003000145222003000175245009800205250001100303260002600314501008600340300000900426362003300435500006700468650003600535R031/43964IT-RoPAU151124c99999999xx |||||||||||| ||und|| aIT-RoPAU cIT-RoPAU aITALIANO aCastelli PaologCodice Aut. SPICS: 8305 aRIVISTA DEL CINEMATOGRAFO aRivista Del Cinematografo aRIVISTA DEL CINEMATOGRAFO, ANNO 55-N.05 (MAGGIO 1982)bMa Che Siamo Tutti Matti? di Jamie Uys a1a ed. aROMAbERREDICI'c1982 bPaulus - SPICS - Società San Paolo EM (non-commercial uses only)cCopyright2015 a1 p. aANNO 055, N.05 (MAGGIO 1982) aFilm Preso in Esame. Inserto Speciale Scuola Dopo la Pag. 224. aCINEMAvPUBBLICAZIONE PERIODICA